000 00326nam a2200133Ia 4500
008 240624s9999 xx 000 0 und d
041 _aeng
082 _a823 CAR
100 _aCARROLL MARGARET
245 _aDARK LOVE
260 _c2009
_aNew York
_bHarper Collins Publishers
300 _a394 : p. : cm. ; 17
365 _c
_b20
999 _c13776
_d13776